World Leaders 2# - Statistics

General Stats
  • This quiz has been taken 27 times
  • The average score is 10 of 16
Answer Stats
Picture Answer % Correct
Adolf Hitler
96%
Donald Trump
96%
Kim Jong Un
96%
Boris Johnson
88%
Margaret Thatcher
80%
Ronald Reagan
76%
Emmanuel Macron
72%
Fidel Castro
72%
Giorgia Meloni
64%
Saddam Hussein
64%
Ho Chi Minh
60%
Narendra Modi
60%
Claudia Sheinbaum
32%
Javier Milei
32%
Gamal Abdel Nasser
28%
Xi Xinping
12%
No matching quizzes found
Score Distribution
Percent of People with Each Score
Percentile by Number Answered
Your Score History
You have not taken this quiz